1150 1529 1980 1746 1913 1070 1337 1218 1199 1598 1825 1744 1268 1586 1407 1431 1065 1400 1539 1679 1535 1752 1011 1990 1463 1492 1827 1629 1241 1206 1912 1205 1597 1022 1752 1586 1451 1158 1308 1673 1735 1057 1400 1656 1901 1289 1500 1790 1100 1231 1514 1139 1155 1428 1446 1233 1264 1743 1978 1305 1262 1691 1088 1858 1293 1041 1906 1773 1479 1523 1300 1107 1047 1229 1249 1903 1129 1273 1073 1407 1219 1174 1630 1185 1147 1035 1465 1013 1993 1537 1778 1753 1032 1125 1156 1473 1982 1501 1594 BCNSPRNW ULIB Ver.6.0+V

เปลี่ยนเป็นภาษาไทย

Change to English
 แสดงรายละเอียดบรรณานุกรม
  กลับหน้าหลัก

Brief Record : Get Marc (ISO 2709) : E-mail record : QR code < ปิดหน้าต่าง
LEADER : 00000nam 2200000uu 4500
001    13399112610
003     ULIB
008    110712s2548||||th 000 0 tha d
024    9746577649
060 04 WY157^bก836ท 2548
100 0  เทียมศร ทองสวัสดิ์
245    การพยาบาลหญิงมีครรภ์ที่มีภาวะแทรกซ้อน /^cเทียมศร ทองสวัสดิ์
250    พิมพ์ครั้งที่ 2
260    เชียงใหม่ :^bโครงการตำรา คณะพยาบาลศาสตร์มหาวิทยาลัยเชียงใหม่,^c2548
300    184 หน้า
650  7 การพยาบาลหญิงมรครรภ์ที่เป็นโรคเบาหวาน
650  7 การพยาบาลหญิงมีครรภ์ที่ติดเชื้อทางเพศสัมพันธ์
650  7 การพยาบาลหญิงมีครรภ์ที่เป็นโรคหัวใจ
650  7 การพยาบาลหญิงมีครรภ์ที่มีความดันโลหิตสูง
650  7 การพยาบาลหญิงมีครรภ์ที่มีภาวะตกเลือด
650  7 การพยาบาลหญิงมีครรภ์ที่มีโรคต่อมไทรอยด์
995    ทศพร
999    ^aใช้งานได้ทุกระบบ
รายการนี้ยังไม่มีแท็ก
คุณยังไม่ได้ล็อกอิน คุณสามารถมีกิจกรรมร่วมกับเว็บไซต์ได้ แต่ต้องล็อกอินก่อน ::
  ล็อกอิน

รายการสื่อสารสนเทศ

ลำดับที่ ประเภท เลขเรียก/บาร์โค้ด สถานที่ สถานะ
- ไม่พบข้อมูล -

BibComment


ยังไม่เคยถูกคอมเมนท์

คอมเมนท์ทรัพยากรรายการนี้
  คอมเมนท์: การพยาบาลหญิงมีคร..


 Copyright 2026. Bcnsprnw @Library